[Event "Sachsen-Anhalt-ch Masters"]
[Site "Magdeburg"]
[Date "2022.11.01"]
[Round "7"]
[White "Haubold, Sebastian Marcel"]
[Black "Wagner, Benjamin"]
[Result "0-1"]
[WhiteElo "1979"]
[BlackElo "2063"]
[PlyCount "58"]
[EventDate "2022.10.29"]
[EventType "swiss"]
[EventRounds "7"]
[EventCountry "GER"]
[SourceTitle "CBM 211 Extra"]
[Source "ChessBase"]
[SourceDate "2023.01.31"]
[SourceVersion "1"]
[SourceVersionDate "2023.01.31"]
[SourceQuality "1"]

1. e4 e5 2. Nf3 Nc6 3. Bb5 a6 4. Ba4 d6 5. 0-0 Bd7 6. c3 g5 7. d4 g4 8. Ne1 h5 9. f4 exd4 10. cxd4 d5 11. exd5 Nb4 12. Bb3 Bb5 13. Rf2 Nxd5 14. Nc3 Ngf6 15. Nxb5 axb5 16. Qe2+ Qe7 17. Qxb5+ c6 18. Qf1 0-0-0 19. Re2 Ne4 20. Nd3 f5 21. Ne5 Qb4 22. Nf7 Qxd4+ 23. Kh1 Ng3+ 24. hxg3 h4 25. Kh2 hxg3+ 26. Kxg3 Qd3+ 27. Kf2 Bc5+ 28. Ke1 Qg3+ 29. Rf2 Rh1 0-1

[Event "Sachsen-Anhalt-ch Masters"]
[Site "Magdeburg"]
[Date "2022.10.29"]
[Round "2"]
[White "Pikalow, Michael"]
[Black "Wagner, Benjamin"]
[Result "1/2-1/2"]
[WhiteElo "1833"]
[BlackElo "2063"]
[PlyCount "64"]
[EventDate "2022.10.29"]
[EventType "swiss"]
[EventRounds "7"]
[EventCountry "GER"]
[SourceTitle "CBM 211 Extra"]
[Source "ChessBase"]
[SourceDate "2023.01.31"]
[SourceVersion "1"]
[SourceVersionDate "2023.01.31"]
[SourceQuality "1"]

1. e4 e5 2. Nf3 Nc6 3. d4 exd4 4. Nxd4 Bc5 5. Nb3 Bb6 6. Nc3 d6 7. Qe2 Nf6 8. Be3 0-0 9. 0-0-0 Be6 10. f3 Nd7 11. g4 Nde5 12. h3 Qh4 13. Nd5 Bxd5 14. exd5 Nb4 15. a3 Na6 16. Bxb6 axb6 17. f4 Nd7 18. Qf3 Nac5 19. Nd4 Rfe8 20. Bb5 Rad8 21. g5 g6 22. Rhg1 f5 23. b4 Ne4 24. Ne6 Nf8 25. Nxd8 Rxd8 26. Rg2 h6 27. gxh6 Qf6 28. c4 Qa1+ 29. Kc2 Qa2+ 30. Kc1 Qa1+ 31. Kc2 Qa2+ 32. Kc1 Qa1+ 1/2-1/2

[Event "Oberliga Ost-A 2122"]
[Site "Germany"]
[Date "2022.04.03"]
[Round "11.5"]
[White "Wagner, Benjamin"]
[Black "Pfretzschner, Roland"]
[Result "1-0"]
[WhiteElo "2036"]
[BlackElo "2212"]
[PlyCount "59"]
[EventDate "2021.10.10"]
[EventType "team-tourn"]
[EventRounds "11"]
[EventCountry "GER"]
[SourceTitle "EXT 2023"]
[Source "ChessBase"]
[SourceDate "2022.10.05"]
[SourceVersion "1"]
[SourceVersionDate "2022.10.05"]
[SourceQuality "1"]
[WhiteTeam "Magdeburg Aufbau Elbe II"]
[BlackTeam "Plauen Koenig"]
[WhiteTeamCountry "GER"]
[BlackTeamCountry "GER"]

1. e4 c5 2. Nf3 e6 3. d4 cxd4 4. Nxd4 a6 5. Bd3 Bc5 6. Nb3 Be7 7. 0-0 d6 8. f4 Nc6 9. c4 Nf6 10. Nc3 0-0 11. Qe2 Qc7 12. Bd2 Rd8 13. Rae1 Nd7 14. Kh1 b6 15. Nd5 exd5 16. exd5 Nce5 17. fxe5 Nxe5 18. c5 bxc5 19. Ba5 Qb7 20. Nxc5 dxc5 21. Bxd8 Bd6 22. Ba5 Bg4 23. Qe3 Nxd3 24. Qxd3 Bd7 25. Qf3 Bb5 26. Rf2 Bc4 27. Rd2 Bxa2 28. b4 Bc4 29. bxc5 Bxc5 30. d6 1-0

[Event "Oberliga Ost-A 2122"]
[Site "Germany"]
[Date "2022.04.02"]
[Round "10.5"]
[White "Langrock, Hannes"]
[Black "Wagner, Benjamin"]
[Result "1-0"]
[WhiteElo "2351"]
[BlackElo "2036"]
[PlyCount "79"]
[EventDate "2021.10.10"]
[EventType "team-tourn"]
[EventRounds "11"]
[EventCountry "GER"]
[SourceTitle "EXT 2023"]
[Source "ChessBase"]
[SourceDate "2022.10.05"]
[SourceVersion "1"]
[SourceVersionDate "2022.10.05"]
[SourceQuality "1"]
[WhiteTeam "Nickelhuette Aue"]
[BlackTeam "Magdeburg Aufbau Elbe II"]
[WhiteTeamCountry "GER"]
[BlackTeamCountry "GER"]

1. d4 d5 2. c4 e6 3. Nf3 Nf6 4. g3 Bb4+ 5. Bd2 Bd6 6. Nc3 0-0 7. Bg5 c6 8. Bg2 Nbd7 9. e4 dxe4 10. Nxe4 Be7 11. Nc3 Re8 12. 0-0 Nf8 13. Re1 Ng6 14. Qb3 Qc7 15. Rac1 Bd7 16. Ne5 Nxe5 17. dxe5 Ng4 18. Bxe7 Rxe7 19. f4 Rd8 20. c5 f5 21. exf6 Nxf6 22. Bh3 Kh8 23. Re5 Be8 24. Rce1 Bf7 25. Qb4 Nd7 26. R5e3 Rde8 27. Ne4 Nf6 28. Nd6 Nd5 29. Nxf7+ Rxf7 30. Rxe6 Ref8 31. Qd4 Qd8 32. Rd1 Qa5 33. a3 Qb5 34. Bf1 Qa5 35. Bc4 Nxf4 36. gxf4 Rxf4 37. Qxf4 Qxc5+ 38. Qd4 Qg5+ 39. Kh1 Qh5 40. Rf1 1-0

[Event "Oberliga Ost-A 1920"]
[Site "Germany"]
[Date "2021.07.17"]
[Round "10.3"]
[White "Wagner, Benjamin"]
[Black "Pietzsch, Manuel"]
[Result "1-0"]
[WhiteElo "1984"]
[BlackElo "2151"]
[PlyCount "117"]
[EventDate "2019.09.29"]
[EventType "team-tourn"]
[EventRounds "11"]
[EventCountry "GER"]
[SourceTitle "EXT 2023"]
[Source "ChessBase"]
[SourceDate "2022.10.05"]
[SourceVersion "1"]
[SourceVersionDate "2022.10.05"]
[SourceQuality "1"]
[WhiteTeam "Magdeburg Aufbau Elbe II"]
[BlackTeam "Leipzig SG II"]
[WhiteTeamCountry "GER"]
[BlackTeamCountry "GER"]

1. e4 c5 2. Nf3 d6 3. d4 cxd4 4. Nxd4 Nf6 5. Nc3 g6 6. Be3 Bg7 7. f3 0-0 8. Qd2 Nc6 9. Bc4 Bd7 10. 0-0-0 Rb8 11. Bb3 Na5 12. Kb1 b5 13. g4 Nc4 14. Bxc4 bxc4 15. h4 Qa5 16. Nd5 Qxd2 17. Nxe7+ Kh8 18. Rxd2 c3 19. Rdh2 Rfe8 20. Nec6 Rxb2+ 21. Ka1 Nd5 22. Bc1 Nb4 23. Nxb4 Rxb4 24. Nb3 Be6 25. h5 a5 26. hxg6 fxg6 27. Bh6 Bf6 28. Bf4 Bg8 29. Bxd6 Rb5 30. a4 Rb7 31. e5 Bxe5 32. Re2 Bxd6 33. Rxe8 Rb4 34. Rd1 Rxa4+ 35. Kb1 Bc7 36. Rde1 Rb4 37. Rc8 Rb8 38. Rxc7 a4 39. Rxc3 axb3 40. Re7 bxc2+ 41. Kxc2 h6 42. Rc6 Rf8 43. Kd2 Bf7 44. Rcc7 Kg7 45. f4 g5 46. f5 Kf6 47. Rxf7+ Rxf7 48. Rxf7+ Kxf7 49. Ke3 Ke7 50. Kd4 Kf7 51. Ke5 Ke7 52. f6+ Kf7 53. Kf5 h5 54. gxh5 g4 55. h6 g3 56. h7 g2 57. h8Q g1Q 58. Qh7+ Kf8 59. Qe7+ 1-0

[Event "GER-chT U20"]
[Site "Braunschweig"]
[Date "2019.12.28"]
[Round "3.3"]
[White "Spaeth, Rene"]
[Black "Wagner, Benjamin"]
[Result "1/2-1/2"]
[WhiteElo "1584"]
[BlackElo "1994"]
[PlyCount "95"]
[EventDate "2019.12.27"]
[EventType "team-swiss"]
[EventRounds "7"]
[EventCountry "GER"]
[SourceTitle "CBM 194 Extra"]
[Source "ChessBase"]
[SourceDate "2020.03.31"]
[SourceVersion "1"]
[SourceVersionDate "2020.03.31"]
[SourceQuality "1"]
[WhiteTeam "Biberach"]
[BlackTeam "Magdeburg Aufbau Elbe"]
[WhiteTeamCountry "GER"]
[BlackTeamCountry "GER"]

1. e4 e5 2. Nf3 Nc6 3. Bc4 Bc5 4. c3 Nf6 5. d4 exd4 6. cxd4 Bb4+ 7. Bd2 Bxd2+ 8. Nbxd2 d5 9. exd5 Nxd5 10. Qb3 Na5 11. Qa4+ Nc6 12. Qb3 Nce7 13. 0-0 0-0 14. Rfe1 c6 15. Ne4 Qb6 16. Qxb6 Nxb6 17. Bb3 Nbd5 18. h3 Rd8 19. Rad1 Kf8 20. a3 h6 21. Kh2 Nf4 22. Nc3 Be6 23. Bxe6 Nxe6 24. Rd2 Nd5 25. Na4 Re8 26. g3 Rad8 27. Red1 Rd6 28. Nc5 Re7 29. Ne4 Rd8 30. Re1 f5 31. Nc5 Nxc5 32. Rxe7 Nxe7 33. dxc5 Rxd2 34. Nxd2 Kf7 35. Kg2 Ke6 36. Kf3 Kd5 37. b4 a5 38. Ke3 a4 39. Kd3 f4 40. g4 Ng6 41. Nc4 f3 42. Nb6+ Ke5 43. Ke3 Nh4 44. Nxa4 Ng2+ 45. Kxf3 Ne1+ 46. Ke2 Nc2 47. Nb2 Kd4 48. Kd2 1/2-1/2

[Event "Sachsen-Anhalt Verbandsliga 18/19"]
[Site "Sachsen Anhalt"]
[Date "2019.03.24"]
[Round "7.2"]
[White "Wagner, Benjamin"]
[Black "Schaefer, Reyk"]
[Result "0-1"]
[WhiteElo "1994"]
[BlackElo "2109"]
[PlyCount "108"]
[EventDate "2018.10.21"]
[EventType "team-tourn"]
[EventRounds "9"]
[EventCountry "GER"]
[SourceTitle "EXT 2022"]
[Source "ChessBase"]
[SourceDate "2021.10.06"]
[SourceVersion "1"]
[SourceVersionDate "2021.10.06"]
[SourceQuality "1"]
[WhiteTeam "Magdeburg Aufbau Elbe II"]
[BlackTeam "Loeberitz II"]
[WhiteTeamCountry "GER"]
[BlackTeamCountry "GER"]

1. e4 c6 2. d4 d5 3. exd5 cxd5 4. c4 Nf6 5. Nc3 g6 6. cxd5 Nxd5 7. Bc4 Nb6 8. Bb3 Bg7 9. Nf3 0-0 10. h3 Nc6 11. Be3 Na5 12. Bc2 Nac4 13. b3 Nxe3 14. fxe3 Qc7 15. Qd2 Qg3+ 16. Qf2 Qxf2+ 17. Kxf2 Be6 18. Rac1 f5 19. Bb1 a6 20. Nd1 Rac8 21. Nb2 Rxc1 22. Rxc1 Rc8 23. Rxc8+ Bxc8 24. Bd3 Kf8 25. Bc4 Nxc4 26. Nxc4 Be6 27. Nce5 Ke8 28. Nd3 Bf6 29. Nfe5 Kd8 30. Nc5 Bc8 31. Ned3 b6 32. Na4 Kc7 33. Nab2 Bb7 34. Nf4 Kc6 35. Nc4 Bc8 36. Nd3 a5 37. Nde5+ Bxe5 38. Nxe5+ Kb5 39. Ke2 Bb7 40. g3 Kb4 41. Kd2 Ka3 42. Nc4+ Kxa2 43. Kc3 Bd5 44. Nxb6 Bxb3 45. Nc8 e6 46. Nd6 Bd5 47. h4 Kb1 48. Nb5 Kc1 49. Na3 Kd1 50. Kd3 Ke1 51. e4 fxe4+ 52. Ke3 Kd1 53. Nb5 Kc2 54. g4 a4 0-1

[Event "JBLN Ost 1819"]
[Site "Germany"]
[Date "2019.01.12"]
[Round "5.3"]
[White "Sondermann, Jonathan"]
[Black "Wagner, Benjamin"]
[Result "0-1"]
[WhiteElo "1757"]
[BlackElo "2051"]
[PlyCount "34"]
[EventDate "2018.09.29"]
[EventType "team-tourn"]
[EventRounds "9"]
[EventCountry "GER"]
[SourceTitle "CBM 189 Extra"]
[Source "ChessBase"]
[SourceDate "2019.06.03"]
[SourceVersion "1"]
[SourceVersionDate "2019.06.03"]
[SourceQuality "1"]
[WhiteTeam "Borussia Lichtenberg"]
[BlackTeam "Magdeburg Aufbau Elbe"]
[WhiteTeamCountry "GER"]
[BlackTeamCountry "GER"]

1. Nf3 Nf6 2. c4 g6 3. g3 Bg7 4. Bg2 0-0 5. 0-0 d6 6. d4 Nc6 7. Nc3 a6 8. e4 Bg4 9. h3 Bxf3 10. Bxf3 e5 11. d5 Nd4 12. Bg2 Nd7 13. Be3 c5 14. Qd2 Rb8 15. b3 b5 16. Rab1 Qa5 17. Qd3 Qxc3 0-1

[Event "GER-chT U20"]
[Site "Osnabrueck"]
[Date "2018.12.29"]
[Round "5.4"]
[White "Wagner, Benjamin"]
[Black "Stemmler, Fabian"]
[Result "0-1"]
[WhiteElo "2051"]
[BlackElo "1972"]
[PlyCount "76"]
[EventDate "2018.12.27"]
[EventType "team-swiss"]
[EventRounds "7"]
[EventCountry "GER"]
[SourceTitle "CBM 188 Extra"]
[Source "ChessBase"]
[SourceDate "2019.02.26"]
[SourceVersion "1"]
[SourceVersionDate "2019.02.26"]
[SourceQuality "1"]
[WhiteTeam "Magdeburg Aufbau Elbe"]
[BlackTeam "Brackel"]
[WhiteTeamCountry "GER"]
[BlackTeamCountry "GER"]

1. e4 e5 2. Nf3 Nc6 3. Bb5 f5 4. exf5 e4 5. Qe2 Qe7 6. Bxc6 dxc6 7. Nd4 Qe5 8. Ne6 Bxe6 9. fxe6 Nf6 10. Nc3 Bd6 11. b3 0-0-0 12. Bb2 Rde8 13. 0-0-0 Rxe6 14. Rde1 Rhe8 15. Nd1 Ba3 16. Kb1 Bxb2 17. Nxb2 Qg5 18. g3 Qg4 19. Qxg4 Nxg4 20. Re2 Rf8 21. Nd1 Ref6 22. Rxe4 Nxf2 23. Ree1 Nxh1 24. Rxh1 Rf1 25. Rxf1 Rxf1 26. Kc1 Rh1 27. c3 Rxh2 28. Ne3 Rh1+ 29. Kc2 h5 30. Nf5 g5 31. Nd4 Rg1 32. Ne2 Rg2 33. Kd3 h4 34. gxh4 gxh4 35. Nf4 Rg4 36. Ke3 h3 37. Nxh3 Rg3+ 38. Kd4 Rxh3 0-1

[Event "GER-chT U20"]
[Site "Osnabrueck"]
[Date "2018.12.28"]
[Round "4.4"]
[White "Sabirov, Ramil"]
[Black "Wagner, Benjamin"]
[Result "1-0"]
[WhiteElo "2066"]
[BlackElo "2051"]
[PlyCount "93"]
[EventDate "2018.12.27"]
[EventType "team-swiss"]
[EventRounds "7"]
[EventCountry "GER"]
[SourceTitle "CBM 188 Extra"]
[Source "ChessBase"]
[SourceDate "2019.02.26"]
[SourceVersion "1"]
[SourceVersionDate "2019.02.26"]
[SourceQuality "1"]
[WhiteTeam "Porz SG"]
[BlackTeam "Magdeburg Aufbau Elbe"]
[WhiteTeamCountry "GER"]
[BlackTeamCountry "GER"]

1. e4 e5 2. Nf3 Nc6 3. Bb5 a6 4. Bxc6 dxc6 5. Nc3 f6 6. d4 exd4 7. Qxd4 Qxd4 8. Nxd4 Bd7 9. Be3 0-0-0 10. 0-0-0 c5 11. Nde2 b6 12. Bf4 Ne7 13. Bg3 Be6 14. Rxd8+ Kxd8 15. Rd1+ Kc8 16. a4 Ng6 17. Nd5 Bxd5 18. Rxd5 Be7 19. c4 Re8 20. f3 c6 21. Rd2 Bd8 22. Kc2 Bc7 23. h3 Rd8 24. Rxd8+ Kxd8 25. Bf2 Nf8 26. Be3 Ne6 27. Kd3 a5 28. b3 h5 29. f4 Ke7 30. f5 Nf8 31. Nf4 Bxf4 32. Bxf4 Nd7 33. Bc7 Kf7 34. Ke3 g5 35. fxg6+ Kg7 36. Kf4 Kxg6 37. g3 Kg7 38. Kf5 Kf7 39. h4 Ke7 40. Kg6 Ke6 41. Kxh5 f5 42. exf5+ Kxf5 43. g4+ Kf6 44. Kh6 Kf7 45. g5 b5 46. g6+ Kf6 47. Bd8+ 1-0

[Event "GER-chT U20"]
[Site "Osnabrueck"]
[Date "2018.12.27"]
[Round "1.3"]
[White "Linnert, Niklas"]
[Black "Wagner, Benjamin"]
[Result "1-0"]
[WhiteElo "1939"]
[BlackElo "2051"]
[PlyCount "95"]
[EventDate "2018.12.27"]
[EventType "team-swiss"]
[EventRounds "7"]
[EventCountry "GER"]
[SourceTitle "CBM 188 Extra"]
[Source "ChessBase"]
[SourceDate "2019.02.26"]
[SourceVersion "1"]
[SourceVersionDate "2019.02.26"]
[SourceQuality "1"]
[WhiteTeam "Plauen Koenig"]
[BlackTeam "Magdeburg Aufbau Elbe"]
[WhiteTeamCountry "GER"]
[BlackTeamCountry "GER"]

1. e4 e5 2. Nf3 Nc6 3. Bb5 a6 4. Ba4 d6 5. h3 b5 6. Bb3 Na5 7. 0-0 Nxb3 8. axb3 f5 9. exf5 Bxf5 10. Re1 Be7 11. Nc3 Nf6 12. d4 e4 13. Nh4 Qd7 14. Bg5 0-0 15. Bxf6 Rxf6 16. Nxf5 Qxf5 17. Nxe4 Rg6 18. Ng3 Qf7 19. Re3 Bf6 20. c3 Qd7 21. Qf3 d5 22. Qf5 Qf7 23. Kh2 Bh4 24. Qxf7+ Kxf7 25. Nf5 Bg5 26. Rf3 Bf6 27. Ne3 Ke6 28. g4 c6 29. Nc2 a5 30. Nb4 Kd6 31. Nd3 Ra7 32. Re3 Bh4 33. f4 Rf6 34. Kg2 h6 35. f5 Bg5 36. Re2 g6 37. fxg6 Rxg6 38. Kg3 Bd8 39. Rae1 Rag7 40. Nf4 Rf6 41. Nh5 Rgg6 42. Nxf6 Rxf6 43. Re8 Bc7 44. R1e7 Rf1 45. Rh7 Rb1 46. Kf3 Rxb2 47. Rg8 Rxb3 48. Rg6# 1-0

[Event "Lueneburg op-A"]
[Site "Lueneburg"]
[Date "2018.07.13"]
[Round "9"]
[White "Poeck, Ole"]
[Black "Wagner, Benjamin"]
[Result "1-0"]
[WhiteElo "2195"]
[BlackElo "2111"]
[PlyCount "61"]
[EventDate "2018.07.06"]
[EventType "swiss"]
[EventRounds "9"]
[EventCountry "GER"]
[SourceTitle "CBM 185 Extra"]
[Source "ChessBase"]
[SourceDate "2018.07.29"]
[SourceVersion "1"]
[SourceVersionDate "2018.07.29"]
[SourceQuality "1"]

1. d4 Nf6 2. c4 g6 3. Nc3 Bg7 4. e4 d6 5. Nf3 0-0 6. h3 e5 7. d5 Nh5 8. g3 f5 9. exf5 gxf5 10. Ng5 Nf6 11. g4 h6 12. Ne6 Bxe6 13. dxe6 f4 14. h4 Nc6 15. g5 Nh7 16. Nd5 Ne7 17. gxh6 Bxh6 18. Qh5 Nxd5 19. Qxh6 Qf6 20. Rg1+ Kh8 21. Rg6 Nb4 22. Rxf6 Rxf6 23. Qh5 Rxe6 24. Bh3 Re7 25. Bf5 Rg8 26. b3 Rg1+ 27. Ke2 Nc6 28. Bb2 Nd4+ 29. Kd3 Rg2 30. Bxd4 exd4 31. Re1 1-0

[Event "Lueneburg op-A"]
[Site "Lueneburg"]
[Date "2018.07.12"]
[Round "8"]
[White "Wagner, Benjamin"]
[Black "Bente, Bjoern"]
[Result "1/2-1/2"]
[WhiteElo "2111"]
[BlackElo "2219"]
[PlyCount "42"]
[EventDate "2018.07.06"]
[EventType "swiss"]
[EventRounds "9"]
[EventCountry "GER"]
[SourceTitle "CBM 185 Extra"]
[Source "ChessBase"]
[SourceDate "2018.07.29"]
[SourceVersion "1"]
[SourceVersionDate "2018.07.29"]
[SourceQuality "1"]

1. e4 e6 2. d4 d5 3. Nc3 Bb4 4. e5 b6 5. Qg4 Bf8 6. Nf3 Ne7 7. Bg5 Ba6 8. Bxa6 Nxa6 9. 0-0 h6 10. Be3 Nf5 11. Ne2 Nb4 12. Ne1 c5 13. c3 Nc6 14. Ng3 g6 15. Nxf5 gxf5 16. Qd1 Qd7 17. Nd3 c4 18. Nf4 0-0-0 19. Nh5 Be7 20. b3 Na5 21. b4 Nc6 1/2-1/2

[Event "GER-chT U16"]
[Site "Walldorf"]
[Date "2017.12.29"]
[Round "5.3"]
[White "Wagner, Benjamin"]
[Black "Kartsev, Nikolaj"]
[Result "0-1"]
[WhiteElo "1993"]
[BlackElo "2008"]
[PlyCount "98"]
[EventDate "2017.12.26"]
[EventType "team-swiss"]
[EventRounds "7"]
[EventCountry "GER"]
[SourceTitle "CBM 182 Extra"]
[Source "ChessBase"]
[SourceDate "2018.02.23"]
[SourceVersion "1"]
[SourceVersionDate "2018.02.23"]
[SourceQuality "1"]
[WhiteTeam "Magdeburg Aufbau Elbe"]
[BlackTeam "Brackel"]
[WhiteTeamCountry "GER"]
[BlackTeamCountry "GER"]

1. e4 c5 2. Nf3 d6 3. d4 cxd4 4. Nxd4 Nf6 5. Nc3 Nc6 6. Be2 e6 7. Be3 Be7 8. f4 a6 9. Qd2 Nxd4 10. Bxd4 b5 11. Bf3 Bb7 12. e5 Nd5 13. Nxd5 Bxd5 14. Bxd5 exd5 15. e6 fxe6 16. Bxg7 Rg8 17. Bd4 Qc7 18. Qe2 Qc4 19. Qxc4 dxc4 20. 0-0 Kd7 21. Rf3 Raf8 22. g3 e5 23. Be3 d5 24. c3 Kc6 25. Kg2 e4 26. Rf2 a5 27. a3 Ra8 28. Bd4 Bc5 29. Bxc5 Kxc5 30. Rd1 Rad8 31. Rfd2 Rg6 32. Kf2 Rb6 33. Ke3 b4 34. axb4+ axb4 35. f5 bxc3 36. bxc3 Rb3 37. Rc1 d4+ 38. Kxe4 Re8+ 39. Kf4 Rxc3 40. Rf1 Rb3 41. f6 c3 42. Rd3 Rb7 43. Kf5 Kc4 44. Rdf3 c2 45. Ra3 Rb1 46. Ra1 Rxf1+ 47. Rxf1 d3 48. f7 Rf8 49. Ke4 d2 0-1

[Event "GER-chT U16"]
[Site "Walldorf"]
[Date "2017.12.28"]
[Round "3.3"]
[White "Engel, Robert"]
[Black "Wagner, Benjamin"]
[Result "1-0"]
[WhiteElo "1969"]
[BlackElo "1993"]
[PlyCount "73"]
[EventDate "2017.12.26"]
[EventType "team-swiss"]
[EventRounds "7"]
[EventCountry "GER"]
[SourceTitle "CBM 182 Extra"]
[Source "ChessBase"]
[SourceDate "2018.02.23"]
[SourceVersion "1"]
[SourceVersionDate "2018.02.23"]
[SourceQuality "1"]
[WhiteTeam "Hamburger SK"]
[BlackTeam "Magdeburg Aufbau Elbe"]
[WhiteTeamCountry "GER"]
[BlackTeamCountry "GER"]

1. d4 Nf6 2. c4 g6 3. Nc3 Bg7 4. e4 d6 5. Be2 0-0 6. Be3 e5 7. d5 a5 8. g4 Nfd7 9. h4 Na6 10. h5 Qe7 11. Qd2 Re8 12. 0-0-0 Nf8 13. Nh3 b6 14. Rh2 Nc5 15. Rdh1 a4 16. hxg6 fxg6 17. Ng5 h6 18. Nf3 g5 19. Rxh6 Bxh6 20. Rxh6 Bxg4 21. Bxg5 Qf7 22. Bf6 Nh7 23. Qg5+ Kf8 24. Qh4 Nd7 25. Rxh7 Qxf6 26. Qxg4 Re7 27. Ng5 Ke8 28. Qh5+ Kd8 29. Rh8+ Nf8 30. Ne6+ Kd7 31. Qh3 Nxe6 32. dxe6+ Kc6 33. Rxa8 Rg7 34. Qe3 Rg1+ 35. Kc2 Qxe6 36. Ra7 Qe8 37. Nd5 1-0

[Event "GER-chT U16"]
[Site "Walldorf"]
[Date "2017.12.27"]
[Round "2.3"]
[White "Wagner, Benjamin"]
[Black "Wegmer, Leon"]
[Result "1-0"]
[WhiteElo "1993"]
[BlackElo "1744"]
[PlyCount "99"]
[EventDate "2017.12.26"]
[EventType "team-swiss"]
[EventRounds "7"]
[EventCountry "GER"]
[SourceTitle "CBM 182 Extra"]
[Source "ChessBase"]
[SourceDate "2018.02.23"]
[SourceVersion "1"]
[SourceVersionDate "2018.02.23"]
[SourceQuality "1"]
[WhiteTeam "Magdeburg Aufbau Elbe"]
[BlackTeam "Karlsruhe SF"]
[WhiteTeamCountry "GER"]
[BlackTeamCountry "GER"]

1. e4 c6 2. d4 d5 3. exd5 cxd5 4. c4 Nf6 5. Nc3 e6 6. Nf3 Nc6 7. cxd5 Nxd5 8. Bd3 Be7 9. 0-0 b6 10. Re1 Bb7 11. a3 0-0 12. Bc2 Nxc3 13. bxc3 Qd5 14. Qd3 Qh5 15. Bf4 Bf6 16. Re3 Ne7 17. Ne1 Ng6 18. Bg3 Bg5 19. Bd1 Qh6 20. Bf3 Bxf3 21. Rxf3 Rfd8 22. Qe4 Re8 23. Nd3 f5 24. Qb7 f4 25. h4 Nxh4 26. Bxh4 Qxh4 27. Ne5 Bh6 28. Re1 Qe7 29. Qa6 Rac8 30. a4 Red8 31. Qb5 Rd5 32. Qb3 Re8 33. Rd3 Qd6 34. Qd1 Qc7 35. Qg4 Ra5 36. Qd1 g6 37. Ng4 Bg7 38. d5 e5 39. d6 Qd7 40. Re4 Qc6 41. Qb3+ Kh8 42. Qf7 Rf8 43. Rc4 Rc5 44. Rxc5 bxc5 45. Qc7 Qe4 46. Rh3 Qxa4 47. Nxe5 Qd1+ 48. Kh2 Qd5 49. Nxg6+ Kg8 50. Ne7+ 1-0

[Event "GER-ch U14"]
[Site "Willingen"]
[Date "2017.06.10"]
[Round "9"]
[White "Post, Hugo"]
[Black "Wagner, Benjamin"]
[Result "1/2-1/2"]
[WhiteElo "1888"]
[BlackElo "2043"]
[PlyCount "113"]
[EventDate "2017.06.04"]
[EventType "swiss"]
[EventRounds "9"]
[EventCountry "GER"]
[SourceTitle "CBM 178 Extra"]
[Source "ChessBase"]
[SourceDate "2017.06.22"]
[SourceVersion "1"]
[SourceVersionDate "2017.06.22"]
[SourceQuality "1"]

1. e4 e5 2. Nf3 Nc6 3. Bc4 Bc5 4. c3 Nf6 5. d3 a6 6. 0-0 d6 7. a4 Ba7 8. Nbd2 0-0 9. h3 Ne7 10. Re1 Ng6 11. Nf1 Be6 12. Bxe6 fxe6 13. Ng3 Nd7 14. Be3 Bxe3 15. fxe3 Nh4 16. Rf1 Nxf3+ 17. Rxf3 Rxf3 18. Qxf3 Qh4 19. Kh2 Rf8 20. Qe2 Nf6 21. Rf1 g6 22. Nh1 Nd7 23. Rxf8+ Kxf8 24. Nf2 Nc5 25. Qc2 Kg7 26. a5 Qe7 27. d4 Nd7 28. Qb3 exd4 29. cxd4 b5 30. Qc3 Nb8 31. d5+ e5 32. Nd3 Qd7 33. Nb4 h6 34. Nd3 Kh7 35. Nb4 Kg8 36. b3 Kh7 37. Qc1 Kg7 38. g3 Qf7 39. Kg2 Qd7 40. Qc2 Kg8 41. Kh2 Qf7 42. Kg2 Qd7 43. g4 Kg7 44. Qc3 Kg8 45. Qc1 Kg7 46. Qc2 Kg8 47. Qf2 Kg7 48. Kg3 Qf7 49. Qe2 Qd7 50. h4 Qc8 51. h5 g5 52. Qf3 Qf8 53. Qf5 Qxf5 54. exf5 Kf7 55. Kf3 Kg7 56. f6+ Kf7 57. Ke4 1/2-1/2

[Event "Basel op"]
[Site "Basel"]
[Date "2017.01.03"]
[Round "3"]
[White "Wagner, Benjamin"]
[Black "Roe, Simon J"]
[Result "0-1"]
[WhiteElo "1926"]
[BlackElo "2211"]
[PlyCount "80"]
[EventDate "2017.01.02"]
[EventType "swiss"]
[EventRounds "9"]
[EventCountry "SUI"]
[SourceTitle "CBM 176 Extra"]
[Source "ChessBase"]
[SourceDate "2017.03.02"]
[SourceVersion "1"]
[SourceVersionDate "2017.03.02"]
[SourceQuality "1"]

1. e4 Nf6 2. e5 Nd5 3. d4 d6 4. c4 Nb6 5. exd6 exd6 6. Nc3 Be7 7. h3 Nc6 8. Nf3 Bf5 9. Be3 Bf6 10. Be2 0-0 11. 0-0 h6 12. Rc1 Re8 13. b3 Bg6 14. Re1 d5 15. c5 Nc8 16. Bd3 N8e7 17. Bxg6 Nxg6 18. Qd3 Qd7 19. Rb1 Nd8 20. b4 Ne6 21. Ne2 Ng5 22. Nxg5 hxg5 23. b5 g4 24. hxg4 Qxg4 25. a4 Nh4 26. Ng3 Re6 27. Rb3 Rae8 28. Qe2 Qg6 29. Qd3 Re4 30. Rd1 Rxe3 31. fxe3 Qxg3 32. Qe2 Bg5 33. Rdd3 Re4 34. a5 Nxg2 35. Qf2 Qh3 36. b6 cxb6 37. a6 bxa6 38. c6 Nxe3 39. Rxe3 Bxe3 40. Rxe3 Rg4+ 0-1

[Event "GER-chT Lands U20"]
[Site "Hannover"]
[Date "2016.10.04"]
[Round "6.3"]
[White "Wagner, Benjamin"]
[Black "Wong, Gengchun"]
[Result "0-1"]
[WhiteElo "1888"]
[BlackElo "2002"]
[PlyCount "78"]
[EventDate "2016.10.01"]
[EventType "team-swiss"]
[EventRounds "7"]
[EventCountry "GER"]
[SourceTitle "CBM 174 Extra"]
[Source "ChessBase"]
[SourceDate "2016.10.10"]
[SourceVersion "1"]
[SourceVersionDate "2016.10.10"]
[SourceQuality "1"]
[WhiteTeam "Sachsen Anhalt"]
[BlackTeam "Sachsen"]
[WhiteTeamCountry "GER"]
[BlackTeamCountry "GER"]

1. e4 c5 2. Nf3 d6 3. d4 cxd4 4. Nxd4 Nf6 5. Nc3 a6 6. Bg5 Nbd7 7. Qe2 Qc7 8. 0-0-0 g6 9. f4 e5 10. fxe5 dxe5 11. Nf3 h6 12. Bh4 b5 13. Kb1 Bb7 14. Nd5 Nxd5 15. exd5 Bd6 16. g4 0-0 17. Qd2 Kg7 18. Bf2 Rac8 19. h4 Rh8 20. h5 g5 21. Rh3 Nf6 22. c3 Nxd5 23. Nxg5 hxg5 24. Qxg5+ Kf8 25. h6 f6 26. Qf5 Qh7 27. Rhd3 Qxf5 28. gxf5 Bc5 29. Bxc5+ Rxc5 30. Bg2 e4 31. Rd4 Nc7 32. Rd8+ Ne8 33. R1d7 Rc8 34. Rxe8+ Rxe8 35. Rxb7 Rxh6 36. Rb6 e3 37. Bf3 e2 38. Bxe2 Rxe2 39. Rxa6 Rh1# 0-1